000 00400nam a2200157Ia 4500
008 240729s9999 xx 000 0 und d
022 _a2041-7136
245 0 _aPastoralism
260 _aSwitzerland
260 _bFrontiers Media S.A.
650 _a Animal culture
650 _aAgriculture
856 _uhttps://doaj.org/toc/f6b69f17d3b04d00b061f4b4041d92bb
942 _2ddc
942 _cDOAJEJ
999 _c67980
_d67980
945 _a1
_bMadushi Gamage
_c1
_dMadushi Gamage